Reforma SPP v kontexte smerovania priamych platieb

Článok sa zameriava na analytický rozbor možností smerovania budúcej reformy SPP s akcentom na oblasť priamych platieb. Návrh rozpočtu EÚ na roky 2014-2020. Možnosti smerovania politiky podľa jednotlivých scenárov a politických nástrojov. Priemerná výška priamych platieb v krajinách EÚ. Capping a gr...

Full description

Saved in:
Bibliographic Details
Main Author: Schwarcz, Pavol
Format: Book Chapter
Language:Slovak
Subjects:
Tags: Add Tag
No Tags, Be the first to tag this record!

MARC

LEADER 00000nla a2200000 4500
001 0168679
005 20220722102024.9
041 0 |a slo 
044 |a SK 
245 1 0 |a Reforma SPP v kontexte smerovania priamych platieb  |c Pavol Schwarcz ... [et al.] 
520 |a Článok sa zameriava na analytický rozbor možností smerovania budúcej reformy SPP s akcentom na oblasť priamych platieb. Návrh rozpočtu EÚ na roky 2014-2020. Možnosti smerovania politiky podľa jednotlivých scenárov a politických nástrojov. Priemerná výška priamych platieb v krajinách EÚ. Capping a greening. 
610 2 0 |a poľnohospodárstvo 
610 2 0 |a politika poľnohospodárska 
610 2 0 |a reformy poľnohospodárske 
610 2 0 |a platby priame 
610 2 0 |a Európska únia 
610 2 0 |a rozpočet spoločný 
100 1 |a Schwarcz, Pavol